000 00689nam a2200181Ia 4500
008 151202s9999||||xx |||||||||||||| ||und||
082 _bPNVM-83502
100 _aविद्यासागर पंडित.
245 _aमहामानव आइन्स्टाईन.
260 _b"गंधर्व - वेद प्रकाशन, पुणे."
260 _c2014
300 _a256
600 _aविद्यासागर पंडित.
630 _aमहामानव आइन्स्टाईन.
700 _aविद्यासागर पंडित.
730 _aमहामानव आइन्स्टाईन.
942 _cBOOK
999 _c1348328
_d1348325